| 000 | 01795nam a22001457a 4500 | ||
|---|---|---|---|
| 999 |
_c526188 _d526188 |
||
| 008 | 240515b ||||| |||| 00| 0 eng d | ||
| 100 |
_aRanade, V.S. _952374 |
||
| 245 | _aDragon trap spread of the Chinese dragon | ||
| 260 | _aU.S.I. Journal | ||
| 300 | _a156(635), Jan-Mar, 2024: p.54-62 | ||
| 520 | _aThe Indian sub-continent is playing a major role in the ‘Pivot to Asia’ and the world’s next battleground i.e. the Indian Ocean. The dragon is spreading to the Indian Ocean Region (IOR) countries and our neighbours. The Chinese offer the Belt and Road Initiative to needy countries that have a singular commonality, are cash-starved and are economically not viable. The spread is Pakistan, Myanmar, Sri Lanka, Maldives, Bangladesh, Nepal, IOR regions and all six island nations in the Indian Ocean. The so-called string of pearls has grown into a ‘Dragon Trap’ or a ‘Debt Trap’. The dragon traps with financing the infrastructure projects and infusing cash into the economy with certain dubious terms which are to be executed at a later stage, when the country defaults on debt repayments and then takes control of these projects, often with certain strategic aims behind it. Debt trap diplomacy is the buzzword. The Chinese footprint around India is a cause for concern. The Chinese have ensured their presence in strategically important countries. The Dragon is on the move and playing Wei Qi (Go). The Dragon’s presence is contested by the growing Indian influence. Our foreign policy must reach out to global players and groupings like the Quadrilateral Security Dialogue, The Association of Southeast Asian. – Reproduced https://www.usiofindia.org/pdf/20240429111058.pdf | ||
| 773 | _aU.S.I. Journal | ||
| 906 | _aINTERNATIONAL RELATIONS | ||
| 942 | _cAR | ||